Mr. Justice Brandeis and the creation of the federal register (Record no. 48985)

000 -LEADER
fixed length control field 01397pab a2200157 454500
008 - FIXED-LENGTH DATA ELEMENTS--GENERAL INFORMATION
fixed length control field 180718b2001 xxu||||| |||| 00| 0 eng d
100 ## - MAIN ENTRY--PERSONAL NAME
Personal name Feinberg, Lotte E.
245 ## - TITLE STATEMENT
Title Mr. Justice Brandeis and the creation of the federal register
260 ## - PUBLICATION, DISTRIBUTION, ETC.
Date of publication, distribution, etc. 2001
300 ## - PHYSICAL DESCRIPTION
Extent p.359-74
362 ## - DATES OF PUBLICATION AND/OR SEQUENTIAL DESIGNATION
Dates of publication and/or sequential designation May-Jun
520 ## - SUMMARY, ETC.
Summary, etc. The creation of the Federal Register in 1935 was crucial in enhancing transparency in American national government and its accountability under law. This historic action during the troubled New Deal era established a core institutional framework that endures as the nation begins a new century and as public administration struggles with an era of new institutionalism. Drawing on archival records and interviews, this article examines the political, administrative, and legal factors that led to the Register's creation. In particular, it sheds light on the little known but pivotal role played by Justice Brandeis in an extrajudicial capacity in this process. Brandeis's actions derive, in part, from his lifelong concern for fostering government openness and ensuring accountability under law from government bureaucracy. Without his intervention, it is unlikely the Federal Register Act would have been enacted at the time and in its important institutional form. - Reproduced
650 ## - SUBJECT ADDED ENTRY--TOPICAL TERM
Topical term or geographic name entry element Public administration
773 ## - HOST ITEM ENTRY
Main entry heading Public Administration Review
909 ## -
-- 48985
Holdings
Withdrawn status Lost status Damaged status Not for loan Permanent Location Current Location Date acquired Serial Enumeration / chronology Barcode Date last seen Price effective from Koha item type
        Indian Institute of Public Administration Indian Institute of Public Administration 2018-07-19 Volume no: 61, Issue no: 3 AR49413 2018-07-19 2018-07-19 Articles

Powered by Koha